000 01163nam a2200337Ia 4500
001 dia_1511
003 CHAP
005 20230119113258.0
008 220117s2006 xx 000 0 und d
010 _a171583
020 _a968-818-238-9
040 _cCHAP
082 _a323.172 A58 2006
110 _aMéxico. Procuraduría General de la República
_977104
245 _aAntología sobre derechos indígenas en la procuración de justicia: retos y realidades
260 _aMéxico :
_b Procuraduría General de la República,
_c2006
300 _ax, 238 p.
503 _aD.
504 _aIncluye bibliografías
590 _aKGF2202 A58 2006
650 _aDerechos humanos
_xGrupos Étnicos
_xMéxico
_9149837
650 _aDerechos humanos
_xIndígenas
_9149838
650 _aDerechos humanos
_xMéxico
_931923
650 _aHuman rights
_xIndigenous peoples
_xMexico
_9149839
650 _aHuman rights
_xMexico
_9149840
710 _aProcuraduría General de la República (México)
_991850
901 _a323.172 A58 2006
902 _aA
905 _a5232272006 mx bn 8225223322spa16
942 _cLIBRO
_2ddc
999 _c171583
_d171583